Cultura general de geografía cada vez más difícil - Estadísticas

Estadísticas generales
  • Esta prueba ha sido intentada 117 veces
  • La puntuación promedio es 30 de 45
Estadísticas de respuestas
Pregunta Azulejo Select % Correcto
los países de áfrica San Vicente y las Granadinas No
100%
los países de áfrica Egipto
99%
los países de áfrica Burundi
97%
los países de áfrica Guinea-Bisáu
97%
los países de áfrica Maldivas No
94%
los países de áfrica Brunéi No
92%
las ciudades en América Melbourne No
88%
los países de áfrica Yemen No
88%
las ciudades en América Bata No
87%
las ciudades en América Cochabamba
87%
los países con más de 100M de personas México
86%
las ciudades en América Paramaribo
86%
los países con más de 100M de personas Alemania No
85%
los países de áfrica Santo Tomé y Príncipe
83%
las ciudades en china Shenyang
83%
las ciudades en América Antananarivo No
82%
los países con más de 100M de personas Bangladesh
81%
las ciudades en América Christchurch No
80%
las ciudades en china Kobe No
79%
los países de áfrica Tonga No
78%
las ciudades en América Bucaramanga
73%
los países con picos a más de 5000m de altura Bután
70%
las ciudades en América Recife
70%
los países con picos a más de 5000m de altura Armenia No
62%
las ciudades en china Daegu No
62%
las ciudades en china Dongguan
62%
las ciudades en América Fresno
59%
los países con picos a más de 5000m de altura Francia No
57%
los países con más de 100M de personas República del Congo No
57%
los países con picos a más de 5000m de altura Ecuador
55%
los países con picos a más de 5000m de altura Italia No
55%
los países con más de 100M de personas Etiopía
54%
los países con más de 100M de personas Filipinas
52%
los países con más de 100M de personas Egipto
50%
los países con más de 100M de personas Tailandia No
49%
los países con más de 100M de personas Vietnam
49%
las ciudades en china Chittagong No
44%
las ciudades en china Yantai
44%
las ciudades en china Taichung No
38%
los países con picos a más de 5000m de altura Suiza No
31%
los países con picos a más de 5000m de altura Uganda
30%
los países con picos a más de 5000m de altura Irán
29%
las ciudades en china Dalian
27%
las ciudades en china Harbín
25%
los países con picos a más de 5000m de altura Birmania
22%
No se encontraron pruebas coincidentes
Distribución de puntuación
Porcentaje de gente con cada puntuación
Porcentaje por número respondido
Historial de tus puntuaciones
No has intentado esta prueba.